| 000 | 01185cad a22002295a 4500 | ||
|---|---|---|---|
| 001 | L151972 | ||
| 008 | 110117s2011 d f s 000 0 eng d | ||
| 035 | _a(Sirsi) u151972 | ||
| 041 | 0 | _aeng | |
| 050 | 0 | 4 | _a333.33 $2 18 |
| 110 | 2 |
_aNAI Global _95315 |
|
| 245 | 0 | 0 |
_aGlobal market report 2011 _bvalues, trends and opportunities in 200+ property markets worldwide _h[electronic resource] |
| 260 |
_aPrinceton _bNAI Global _c2011 |
||
| 490 | 0 |
_aNAI Global Market Report _v2011 |
|
| 520 | _aProvides comprehensive market data and overviews on over 200 property markets around the world, covering all primary and most secondary and tertiary markets including investment, office, industrial, retail and land markets. Using both narrative market reports and statistical charts, it offers market highlights and trends, demographic and business profiles, rental rates, vacancy rates and land prices. | ||
| 590 | _aKA NTK | ||
| 650 | 2 | 4 | _aNAI GLOBAL MARKET REPORT |
| 651 | 4 | _aInternational | |
| 690 | _aPROPERTY-COMMERCIAL PROPERTY-COMMERCIAL PROPERTY MARKET | ||
| 856 | 4 | 0 |
_uhttps://www.naiglobal.com/publications.aspx _zView the item free of charge at www.naiglobal.com |
| 942 | _n0 | ||
| 999 |
_c111768 _d111768 |
||